书目信息 |
| 题名: |
电路综合与设计导论
|
|
| 作者: | 特密斯 , Temes , 拉伯特雷 , Lapatra 著 ;贾毓聪 , 韩宝珍 译 | |
| 分册: | ||
| 出版信息: | 北京 人民邮电出版社 1985 |
|
| 页数: | 702页 | |
| 开本: | 20cm | |
| 丛书名: | ||
| 单 册: | ||
| 中图分类: | TM133 , TN711.1 | |
| 科图分类: | ||
| 主题词: | 电路综合 , 网络电路 | |
| 电子资源: | ||
| ISBN: | ||
| 000 | 01134nam0 2200361 45 | |
| 001 | 0185020284 | |
| 005 | 20040517161056.7 | |
| 010 | @dCNY4.05 | |
| 091 | @a15045.总2994-有5400 | |
| 100 | @a19900923d1985 emky0chiy0121 ea | |
| 101 | 1 | @achi@ceng |
| 102 | @aCN@b110000 | |
| 105 | @ay z 000yy | |
| 106 | @ar | |
| 200 | 10 | @a电路综合与设计导论@Adian lu zong he yu she ji dao lun@f(美)特密斯(Temes,G.C.), (美)拉伯特雷(Lapatra,J.W.)著@g贾毓聪, 韩宝珍译 |
| 210 | @a北京@c人民邮电出版社@d1985 | |
| 215 | @a702页@d20cm | |
| 300 | @a书名原文: Introduction to circuit synthesis and design | |
| 300 | @a根据1977年英文版译出 | |
| 510 | 1 | @aIntroduction to circuit synthesis and design@zeng |
| 606 | @a电路综合 | |
| 606 | 0 | @a网络电路 |
| 690 | @aTM133@v3 | |
| 690 | @aTN711.1 | |
| 701 | 1 | @a特密斯@Ate mi si@bG.C.@4著 |
| 701 | A1 | @aTemes@bG.C.@4著 |
| 701 | 1 | @a拉伯特雷@Ala bo te lei@bJ.W.@4著 |
| 701 | A1 | @aLapatra@bJ.W.@4著 |
| 702 | 0 | @a贾毓聪@Ajia yu cong@4译 |
| 702 | 0 | @a韩宝珍@Ahan bao zhen@4译 |
| 801 | 0 | @aCN@b深圳图书馆@c20040517 |
| 801 | 2 | @aCN@bNLC@c20040517 |
| 905 | @f2@b151869-870@dTN711.1@e89 | |
| 电路综合与设计导论/(美)特密斯(Temes,G.C.), (美)拉伯特雷(Lapatra,J.W.)著/贾毓聪, 韩宝珍译.-北京:人民邮电出版社,1985 |
| 702页;20cm |
| 书名原文: Introduction to circuit synthesis and design.-根据1977年英文版译出 |
| ISBN :CNY4.05 |
| ● |
| 相关链接 |
|
|
|
|
正题名:电路综合与设计导论
索取号:TN711.1/89
 
预约/预借
| 序号 | 登录号 | 条形码 | 馆藏地/架位号 | 状态 | 备注 |
| 1 | 0151869 | 001357891 | 第三借阅区/ [索取号:TN711.1/89] | 在馆 | |
| 2 | 0151870 | 001357908 | 密集书库/ [索取号:TN711.1/89] | 在馆 | |
| 3 | 0151871 | 202102517 | 第二样本阅览室/ [索取号:TN711.1/89] | 在馆 |